Pays en anglais - Traduction thème - Statistiques

Statistiques générales
  • Ce quiz a été pris 61 fois
  • Le résultat moyen est 103 sur 192
Statistiques - réponses
Nom français Nom anglais % Correct
Algérie Algeria
100%
Afrique du Sud South Africa
100%
Albanie Albania
98%
Angola Angola
96%
Allemagne Germany
96%
Andorre Andorra
92%
Afghanistan Afghanistan
90%
Argentine Argentina
90%
Arménie Armenia
90%
Australie Australia
90%
Bahamas Bahamas
88%
Bolivie Bolivia
88%
Bangladesh Bangladesh
85%
Canada Canada
85%
Bénin Benin
83%
Bulgarie Bulgaria
83%
Chine China
83%
Colombie Colombia
83%
Belgique Belgium
81%
Belize Belize
81%
Égypte Egypt
79%
Croatie Croatia
77%
Cuba Cuba
77%
France France
77%
Géorgie Georgia
77%
Espagne Spain
77%
États-Unis United States
77%
Autriche Austria
75%
Botswana Botswana
75%
Burkina Faso Burkina Faso
75%
Finlande Finland
75%
Gabon Gabon
75%
Gambie Gambia
75%
Ghana Ghana
75%
Grèce Greece
75%
Inde India
75%
Indonésie Indonesia
75%
Iran Iran
75%
Brunei Brunei
73%
Burundi Burundi
73%
Estonie Estonia
73%
Guatemala Guatemala
73%
Guyana Guyana
73%
Haïti Haiti
73%
Israël Israel
73%
Kenya Kenya
73%
Liberia Liberia
73%
Madagascar Madagascar
73%
Costa Rica Costa Rica
71%
Honduras Honduras
71%
Jordanie Jordan
71%
Luxembourg Luxembourg
71%
Mali Mali
71%
Brésil Brazil
69%
Chili Chile
69%
Djibouti Djibouti
69%
Éthiopie Ethiopia
69%
Italie Italy
69%
Japon Japan
69%
Lesotho Lesotho
69%
Mexique Mexico
69%
Antigua-et-Barbuda Antigua and Barbuda
67%
Laos Laos
67%
Liechtenstein Liechtenstein
67%
Malawi Malawi
67%
Monaco Monaco
67%
Mongolie Mongolia
67%
Népal Nepal
67%
Corée du Nord North Korea
67%
Corée du Sud South Korea
67%
Eswatini Eswatini
65%
Grenade Grenada
65%
Jamaïque Jamaica
65%
Malte Malta
65%
Namibie Namibia
65%
Oman Oman
65%
Guinée Guinea
63%
Kiribati Kiribati
63%
Libye Libya
63%
Nicaragua Nicaragua
63%
Irlande Ireland
60%
Kazakhstan Kazakhstan
60%
Maldives Maldives
60%
Monténégro Montenegro
60%
Maroc Morocco
60%
Nauru Nauru
60%
Pakistan Pakistan
60%
Myanmar Myanmar
58%
Macédoine du Nord North Macedonia
58%
Panama Panama
58%
Portugal Portugal
58%
Qatar Qatar
58%
Mauritanie Mauritania
56%
Paraguay Paraguay
56%
Arabie Saoudite Saudi Arabia
56%
Chypre Cyprus
54%
Danemark Denmark
54%
Russie Russia
54%
Rwanda Rwanda
54%
Royaume-Uni United Kingdom
54%
République Dominicaine Dominican Republic
52%
Islande Iceland
52%
Mozambique Mozambique
52%
Pérou Peru
52%
Serbie Serbia
52%
Cambodge Cambodia
50%
Irak Iraq
50%
Norvège Norway
50%
Pologne Poland
50%
Seychelles Seychelles
50%
Biélorussie Belarus
48%
Dominique Dominica
48%
Hongrie Hungary
48%
Côte d'Ivoire Ivory Coast
48%
Nouvelle-Zélande New Zealand
48%
Samoa Samoa
48%
Sénégal Senegal
48%
Sierra Leone Sierra Leone
48%
Slovénie Slovenia
48%
Azerbaïdjan Azerbaijan
46%
Guinée-Bissau Guinea-Bissau
46%
Lettonie Latvia
46%
Liban Lebanon
46%
Philippines Philippines
46%
Roumanie Romania
46%
Somalie Somalia
46%
Cameroun Cameroon
44%
Îles Marshall Marshall Islands
44%
Sri Lanka Sri Lanka
44%
Syrie Syria
44%
Ouganda Uganda
44%
Ouzbékistan Uzbekistan
44%
Bhoutan Bhutan
42%
Pays-Bas Netherlands
42%
Slovaquie Slovakia
42%
Tanzanie Tanzania
42%
Tunisie Tunisia
42%
Zimbabwe Zimbabwe
42%
Fidji Fiji
40%
Malaisie Malaysia
40%
Suriname Suriname
40%
Thaïlande Thailand
40%
Togo Togo
40%
Tonga Tonga
40%
Uruguay Uruguay
40%
Viêt Nam Vietnam
40%
Yémen Yemen
40%
Zambie Zambia
40%
Barbade Barbados
38%
Équateur Ecuador
38%
Soudan Sudan
38%
Suède Sweden
38%
Vanuatu Vanuatu
38%
Venezuela Venezuela
38%
Soudan du Sud South Sudan
35%
Suisse Switzerland
35%
Tuvalu Tuvalu
35%
Ukraine Ukraine
35%
Guinée Équatoriale Equatorial Guinea
33%
Tchad Chad
31%
Émirats arabes unis United Arab Emirates
31%
Turkménistan Turkmenistan
29%
Bahreïn Bahrain
27%
Cap-Vert Cape Verde
27%
Turquie Turkey
27%
Lituanie Lithuania
25%
Maurice Mauritius
25%
Sao Tomé-et-Principe São Tomé and Príncipe
25%
Moldavie Moldova
23%
Saint-Marin San Marino
23%
Singapour Singapore
23%
Comores Comoros
21%
Sainte-Lucie Saint Lucia
21%
République tchèque Czech Republic
19%
Palaos Palau
19%
Érythrée Eritrea
17%
Tadjikistan Tajikistan
17%
Salvador El Salvador
15%
Îles Salomon Solomon Islands
15%
Timor oriental East Timor
13%
Koweït Kuwait
13%
Bosnie-Herzégovine Bosnia and Herzegovina
10%
Papouasie-Nouvelle-Guinée Papua New Guinea
10%
Saint-Vincent-et-les-Grenadines Saint Vincent and the Grenadines
10%
Trinité-et-Tobago Trinidad and Tobago
10%
République centrafricaine Central African Republic
8%
États fédérés de Micronésie Federated States of Micronesia
8%
Kirghizistan Kyrgyzstan
6%
Saint-Christophe-et-Niévès Saint Kitts and Nevis
6%
Vatican Vatican City
6%
République démocratique du Congo Democratic Republic of the Congo
4%
République du Congo Republic of the Congo
4%
Aucun quiz correspondant
Distribution des résultats
% des personnes avec chaque résultat
Percentile par nombre de réponses
Votre historique - résultats
Vous n’avez pas pris ce quiz